00422 2200157 4500001002100000005001500021035002000036245005100056100002900107300002800136260004500164082000800209084001400217020002100231990001200252INLIS00000000000317020251127085503 a0010-11250000311 aCinta Suci Zahrana /cHabiburrahman El Shirazy0 aHabiburrahman El Shirazy a284 hlm ;c13,5 x 20 cm aJakarta :bIhwah Publishing House,c2011 a813 a813 HAB c a978-602-9821-6-8 a0754534